Los comentarios / (Record no. 43825)

MARC details
000 -LEADER
campo de control de longitud fija 00690nam a2200205 i 4500
001 - NÚMERO DE CONTROL
campo de control 43825
003 - IDENTIFICADOR DE NÚMERO DE CONTROL
campo de control ES-MaACL
007 - CAMPO FIJO DE DESCRIPCIÓN FÍSICA--INFORMACIÓN GENERAL
campo de control de longitud fija t|
008 - DATOS DE LONGITUD FIJA--INFORMACIÓN GENERAL
campo de control de longitud fija 030318s1941 sp ||||1| spa d
100 1# - ENTRADA PRINCIPAL--NOMBRE DE PERSONA
Nombre de persona César, Cayo Julio,
Fechas asociadas al nombre 100 a.C.-44 a.C.
9 (RLIN) 37671
245 14 - MENCIÓN DEL TÍTULO
Título Los comentarios /
Mención de responsabilidad, etc. Cayo Julio Cesar.
260 ## - PUBLICACIÓN, DISTRIBUCIÓN, ETC.
Lugar de publicación, distribución, etc. Valladolid :
Nombre del editor, distribuidor, etc. Librería Santarén,
Fecha de publicación, distribución, etc. 1941.
300 ## - DESCRIPCIÓN FÍSICA
Extensión 2 v. ;
Dimensiones 19 cm.
500 ## - NOTA GENERAL
Nota general Texto latino y versión castellana.
505 8# - NOTA DE CONTENIDO CON FORMATO
Nota de contenido con formato Contiene: V. II: La guerra civil. -- V. III: Guerras de Alejandría, Africa y España
740 3# - ENTRADA AGREGADA--TÍTULO RELACIONADO/ANALÍTICO NO CONTROLADO
Título relacionado o analítico no controlado La guerra civil.
740 0# - ENTRADA AGREGADA--TÍTULO RELACIONADO/ANALÍTICO NO CONTROLADO
Título relacionado o analítico no controlado Guerras de Alejandría, Africa y España.
852 ## - LOCALIZACIÓN
Ubicación ES-MaACL
Número de control de estantería E-3667-8
Holdings
Estatus retirado Estado de pérdida Estado de daño No para préstamo Biblioteca de origen Biblioteca actual Ubicación en estantería Fecha de adquisición Fuente de adquisición Total de préstamos Signatura topográfica completa Código de barras Visto por última vez Precio de reemplazo Tipo de ítem Koha
        Biblioteca del Ateneo de Madrid Biblioteca del Ateneo de Madrid Depósito 2 17/01/2008     E-3667-8 1046131 23/02/2023 23/02/2023 Libro impreso